000 00355nam a22001577a 4500
003 SGT
020 _a978-81-239-2361-1
082 _a614.1
_bF14B
100 _aPRASAD,UN
245 _aFORENSIC MEDICINE UNDER INDIAN SYSTEM OF MEDICINE
250 _a1ST
260 _aNEW DELHI
_bCBS PUB
_c2014
300 _a178
650 _aAYURVEDA
942 _2ddc
_cBK
999 _c11638
_d11638